<?xml version="1.0" encoding="UTF-8"?>
<record
    xmlns:xsi="http://www.w3.org/2001/XMLSchema-instance"
    xsi:schemaLocation="http://www.loc.gov/MARC21/slim http://www.loc.gov/standards/marcxml/schema/MARC21slim.xsd"
    xmlns="http://www.loc.gov/MARC21/slim">

  <leader>01106nam2a2200253   4500</leader>
  <controlfield tag="001">rc\2983077</controlfield>
  <controlfield tag="005">20260315062706.0</controlfield>
  <datafield tag="035" ind1=" " ind2=" ">
    <subfield code="a">(NLR Aleph) 007128142</subfield>
  </datafield>
  <datafield tag="090" ind1=" " ind2=" ">
    <subfield code="a">13611951</subfield>
    <subfield code="c">13611951</subfield>
  </datafield>
  <datafield tag="100" ind1=" " ind2=" ">
    <subfield code="a">20040927d1943    u  y0rusy50      ca</subfield>
  </datafield>
  <datafield tag="101" ind1="0" ind2=" ">
    <subfield code="a">eng</subfield>
    <subfield code="a">rus</subfield>
  </datafield>
  <datafield tag="102" ind1=" " ind2=" ">
    <subfield code="a">RU</subfield>
  </datafield>
  <datafield tag="105" ind1=" " ind2=" ">
    <subfield code="a">a   z   |||||</subfield>
  </datafield>
  <datafield tag="200" ind1="1" ind2=" ">
    <subfield code="a">&#x414;&#x43B;&#x44F; 7-&#x433;&#x43E; &#x43A;&#x43B;&#x430;&#x441;&#x441;&#x430;</subfield>
  </datafield>
  <datafield tag="210" ind1=" " ind2=" ">
    <subfield code="d">1943</subfield>
  </datafield>
  <datafield tag="215" ind1=" " ind2=" ">
    <subfield code="a">144 &#x441;.</subfield>
    <subfield code="c">&#x438;&#x43B;.</subfield>
  </datafield>
  <datafield tag="300" ind1=" " ind2=" ">
    <subfield code="a">&#x41D;&#x430; &#x43E;&#x431;&#x43B;. &#x437;&#x430;&#x433;&#x43B;.: English</subfield>
  </datafield>
  <datafield tag="461" ind1=" " ind2="0">
    <subfield code="1">001rc\2983076</subfield>
    <subfield code="1">2001#$aLessons in English$e&#x423;&#x447;&#x435;&#x431;&#x43D;&#x438;&#x43A; &#x430;&#x43D;&#x433;&#x43B;. &#x44F;&#x437;. &#x434;&#x43B;&#x44F; &#x43D;&#x435;&#x43F;&#x43E;&#x43B;&#x43D;&#x43E;&#x439; &#x441;&#x440;&#x435;&#x434;. &#x438; &#x441;&#x440;&#x435;&#x434;. &#x448;&#x43A;&#x43E;&#x43B;&#x44B;$e&#x423;&#x442;&#x432;. &#x41D;&#x41A;&#x41F; &#x420;&#x421;&#x424;&#x421;&#x420;$v&#x427;. 3</subfield>
    <subfield code="1">700#1$a&#x41D;&#x43E;&#x43B;&#x43B;&#x435;-&#x41D;&#x435;&#x441;&#x442;&#x435;&#x440;&#x43E;&#x432;&#x430;$b&#x41A;.&#x410;.$g&#x41A;&#x43B;&#x430;&#x432;&#x434;&#x438;&#x44F; &#x410;&#x43B;&#x435;&#x43A;&#x441;&#x435;&#x435;&#x432;&#x43D;&#x430;</subfield>
    <subfield code="9">6931765</subfield>
    <subfield code="a">&#x41D;&#x43E;&#x43B;&#x43B;&#x435;-&#x41D;&#x435;&#x441;&#x442;&#x435;&#x440;&#x43E;&#x432;&#x430;, &#x41A;.&#x410;.</subfield>
    <subfield code="c">&#x41C;&#x43E;&#x441;&#x43A;&#x432;&#x430;</subfield>
    <subfield code="d">1943</subfield>
    <subfield code="e">5-&#x435; &#x438;&#x437;&#x434;.</subfield>
    <subfield code="n">&#x423;&#x447;&#x43F;&#x435;&#x434;&#x433;&#x438;&#x437;</subfield>
    <subfield code="o">&#x423;&#x447;&#x435;&#x431;&#x43D;&#x438;&#x43A; &#x430;&#x43D;&#x433;&#x43B;. &#x44F;&#x437;. &#x434;&#x43B;&#x44F; &#x43D;&#x435;&#x43F;&#x43E;&#x43B;&#x43D;&#x43E;&#x439; &#x441;&#x440;&#x435;&#x434;. &#x438; &#x441;&#x440;&#x435;&#x434;. &#x448;&#x43A;&#x43E;&#x43B;&#x44B; : &#x423;&#x442;&#x432;. &#x41D;&#x41A;&#x41F; &#x420;&#x421;&#x424;&#x421;&#x420;</subfield>
    <subfield code="t">Lessons in English</subfield>
    <subfield code="v">&#x427;. 3</subfield>
  </datafield>
  <datafield tag="512" ind1="0" ind2="0">
    <subfield code="a">English</subfield>
    <subfield code="z">eng</subfield>
  </datafield>
  <datafield tag="801" ind1=" " ind2="0">
    <subfield code="a">RU</subfield>
    <subfield code="b">NLR</subfield>
    <subfield code="g">psbo</subfield>
  </datafield>
  <datafield tag="801" ind1=" " ind2="1">
    <subfield code="a">RU</subfield>
    <subfield code="b">ELAR</subfield>
    <subfield code="2">rusmarc</subfield>
  </datafield>
  <datafield tag="852" ind1=" " ind2=" ">
    <subfield code="a">NLR</subfield>
    <subfield code="j">&#x42F;60 &#x413;-5/255(3)</subfield>
  </datafield>
  <datafield tag="942" ind1=" " ind2=" ">
    <subfield code="c">UNSPEC</subfield>
  </datafield>
  <datafield tag="980" ind1=" " ind2=" ">
    <subfield code="a">NB</subfield>
  </datafield>
</record>
